ბათუმის შოთა რუსთაველის სახელმწიფო უნივერსიტეტის ბიბლიოთეკა

ცხრაკარა (ბიბ.ჩანაწერი № 42897)

000 -LEADER
fixed length control field 00654nam a2200229Ia 4500
001 - CONTROL NUMBER
control field 9612
003 - CONTROL NUMBER IDENTIFIER
control field GE_BSU
008 - FIXED-LENGTH DATA ELEMENTS--GENERAL INFORMATION
fixed length control field 181216s||||||||xx |||||||||||||| ||und||
040 ## - CATALOGING SOURCE
Transcribing agency GE_BSU
080 ## - UNIVERSAL DECIMAL CLASSIFICATION NUMBER
Universal Decimal Classification number 821.353.1-31
100 ## - MAIN ENTRY--PERSONAL NAME
Personal name მაღლაფერიძე,თეიმურაზ
245 ## - TITLE STATEMENT
Title ცხრაკარა
245 ## - TITLE STATEMENT
Remainder of title რომანი
245 ## - TITLE STATEMENT
Statement of responsibility, etc. რედ:ც.ჩხაიძე;მხატვ:ვ.არაბიძე
260 ## - PUBLICATION, DISTRIBUTION, ETC.
Place of publication, distribution, etc. თბილისი.
260 ## - PUBLICATION, DISTRIBUTION, ETC.
Name of publisher, distributor, etc. ნაკადული.
260 ## - PUBLICATION, DISTRIBUTION, ETC.
Date of publication, distribution, etc. 1980.
300 ## - PHYSICAL DESCRIPTION
Extent 294გვ;20სმ
300 ## - PHYSICAL DESCRIPTION
Other physical details ილ.
653 ## - INDEX TERM--UNCONTROLLED
Uncontrolled term რომანი
942 ## - ADDED ENTRY ELEMENTS (KOHA)
Koha item type წიგნი
ეგზემპლარები
Withdrawn status Lost status Damaged status Not for loan Date acquired Barcode Date last seen Price effective from Koha item type
        2018-12-17 32511 2018-12-17 2018-12-17 წიგნი
        2018-12-17 32512 2018-12-17 2018-12-17 წიგნი
        2018-12-17 32513 2018-12-17 2018-12-17 წიგნი
        2018-12-17 32514 2018-12-17 2018-12-17 წიგნი
        2018-12-17 32515 2018-12-17 2018-12-17 წიგნი